|
|
|
|
| LEADER |
00000nab a2200000 a 4500 |
| 001 |
vtls000386018 |
| 003 |
SK-MaSNL |
| 005 |
20260304114514.0 |
| 008 |
180405c1990 xo 0 slo |
| 015 |
|
|
|a SNBRB19rr/mm-uuuuu
|
| 035 |
|
|
|a CL0386141
|
| 040 |
|
|
|a SNKBUCL
|b slo
|c SNKBUCL
|e AACR2
|
| 041 |
0 |
|
|a slo
|
| 044 |
|
|
|a xo
|c SK
|
| 080 |
|
|
|a 943.7
|2 1981
|
| 080 |
|
|
|a 940.53
|2 1981
|
| 080 |
|
|
|a 343.819.5(437.1)
|2 1981
|
| 100 |
1 |
|
|a Karaba, Emil,
|d 1932-1996
|4 aut
|9 251187
|
| 245 |
1 |
0 |
|a Peklo zvané Terezín
|c E. Karaba
|
| 610 |
1 |
7 |
|a Terezín (koncentračný tábor)
|2 snkbucl
|9 153808
|
| 650 |
0 |
7 |
|a druhá svetová vojna (1939-1945)
|2 snkbucl
|9 169657
|
| 650 |
0 |
7 |
|a koncentračné tábory
|2 snkbucl
|9 2654
|
| 650 |
0 |
7 |
|a protifašistický odboj
|2 snkbucl
|9 4751
|
| 655 |
|
7 |
|a články z novín a časopisov
|2 snkbucl
|9 267496
|
| 773 |
0 |
|
|t Bojovník
|g Roč. 35, č. 22 (1990), s. 8
|
| 850 |
|
|
|a Slovenská národná knižnica v Martine
|a MTA001
|
| 852 |
|
|
|a SNK
|b KIS3GCP
|
| 958 |
|
|
|a RK
|
| 992 |
|
|
|a RBX
|
| 999 |
|
|
|c 2873021
|d 2874951
|